|
|
|
|
| LEADER |
00000nam0a2200000 4500 |
| 001 |
164043 |
| 005 |
20231101222436.0 |
| 035 |
|
|
|a (RuTPU)RU\TPU\book\177972
|
| 035 |
|
|
|a RU\TPU\book\144934
|
| 090 |
|
|
|a 164043
|
| 100 |
|
|
|a 20090827d1986 m y0rusy5003 ca
|
| 101 |
0 |
|
|a rus
|
| 102 |
|
|
|a RU
|
| 105 |
|
|
|a a z 000ab
|
| 200 |
1 |
|
|a Лесковское ожерелье
|f Л. А. Аннинский
|
| 210 |
|
|
|a Москва
|c Книга
|d 1986
|
| 215 |
|
|
|a 304 с.
|c ил.
|d 17 см
|
| 225 |
1 |
|
|a Судьбы книг
|
| 600 |
|
1 |
|a Лесков
|b Н. С.
|c русский писатель
|f 1831-1895
|g Николай Семенович
|2 stltpush
|3 (RuTPU)RU\TPU\pers\6063
|9 1188
|
| 610 |
1 |
|
|a Русская литература
|
| 610 |
1 |
|
|a русские писатели
|
| 610 |
1 |
|
|a творчество
|
| 675 |
|
|
|a 8Р1(092)
|z rus
|
| 700 |
|
1 |
|a Аннинский
|b Л. А.
|g Лев Александрович
|4 070
|
| 801 |
|
0 |
|a RU
|b RuMRKP
|c 19950704
|g psbo
|
| 801 |
|
1 |
|a RU
|b 63413507
|c 20080320
|g PSBO
|
| 801 |
|
2 |
|a RU
|b 63413507
|c 20090827
|g PSBO
|
| 942 |
|
|
|c BK
|